000 00900nam a2200217Ia 4500
999 _c39518
_d39518
001 6114
003 GE_BSU
005 20190924113858.0
008 181216s1990||||ge |||||||||||||| ||ge ||
040 _cGE_BSU
041 _ageo
080 _a821.353.1-31 ა-87
100 _aასკურავა, დავით
_94258
245 _aდიდი, მაღალი თუთის ხე :
_bრომანი /
_cდავით ასკურავა ; რედ. თინათინ ვეშაპელი.
264 _aთბილისი :
_bკიდევაც დაიზრდებიან ;
_c1990.
300 _a236 გვ. ;
_c20 სმ.
653 _aდიდი, მაღალი თუთის ხე
653 _aრომანი
700 _aვეშაპელი, თინათინ
_eრედაქტორი
_94271
942 _cBK
_2udc